| 000 | 01215cam a22001818a 4500 | ||
|---|---|---|---|
| 020 | _a9781439872512 (hardcover : alk. paper) | ||
| 040 | _cDLC | ||
| 082 | 0 | 0 | _a610 TAY 2013 A054 Or. |
| 245 | 0 | 0 |
_aBiomaterials : _bprinciples and practices / |
| 260 |
_aBoca Raton : _bTaylor & Francis, _c2013. |
||
| 300 |
_a1 v. (various pagings) : _bill. ; _c26 cm. |
||
| 520 | _a"Most current applications of biomaterials involve structural functions, even in those organs and systems which are not primarily structural in their nature, or very simple chemical or electrical functions. Complex chemical functions such as those of the liver and complex electrical or electrochemical functions such as those of the brain and sense organs cannot be carried out by biomaterials at this time. With these basic concepts in mind, this book focuses on biomaterials consisting of different materials such as metallic, ceramic, polymeric, and composite. It highlights the impact of recent advances in the area of nano- and microtechnology on biomaterial design"--Provided by publisher. | ||
| 650 | 1 | 2 | _aBiocompatible Materials |
| 700 | 1 | _aWong, Joyce Y. | |
| 700 | 1 | _aBronzino, Joseph D., | |
| 700 | 1 | _aPeterson, Donald R. | |
| 942 | _cEK | ||
| 999 |
_c15439 _d15439 |
||